000 00620nam a2200181 4500
001 109614
003 ES-MaACL
005 20230906184857.0
007 t|
008 061121s1968 sp r ||||1| spa d
100 1 _aMittag, Martín.
_981712
245 1 0 _aTeoría y práctica de la construcción de edificios /
_cMartín Mittag; [Versión... Roberto Dublang...; Revisado por... Fernando Cassinello...].
260 _aMadrid, etc. :
_bAlhambra,
_c1968.
300 _a343 p. :
_bil. ;
_c32 cm.
700 1 _aDublang, Roberto.
_945757
700 1 _aCassinello, Fernando.
_936357
852 _aES-MaACL
_jC-33947
_bR.64951
999 _c109614
_d109614